Aura

Uloženo v:
Podrobná bibliografie
Hlavní autor: Fuentes, Carlos (Autor)
Médium: Kniha
Jazyk:španělština
Vydáno: Cuernavaca Ediciones Era S. A 2012
Vydání:2a. ed
Edice:Biblioteca Era
Témata:
Tagy: Přidat tag
Žádné tagy, Buďte první, kdo vytvoří štítek k tomuto záznamu!

MARC

LEADER 00000cam a2200000 a 4500
001 UCE9560
003 CL-VaPUC
008 151029e20120000mx |||||||||||||||||spa|d
020 |a 9786074451849 
082 0 4 |a Me863  |b FUE  |2 21 
100 0 |a Fuentes, Carlos  |e author  |9 376869 
245 1 0 |a Aura 
250 |a 2a. ed 
300 |a 61 p 
942 |c BK 
945 |d 20151029 22:28:00  |a dcastane 
260 |a Cuernavaca  |b Ediciones Era S. A  |c 2012 
650 0 |a Novelas mexicanas  |9 317570 
650 0 |a Literatura mexicana  |9 313097 
583 |a last modification  |c 20151029 22:28:00  |k Rodrigo Vera 
490 0 |a Biblioteca Era 
999 |c 361224  |d 361222 
952 |0 0  |1 0  |3 erb  |4 0  |6 ME_863_000000000000000_FUE_2012  |7 0  |8 A  |9 471618  |a BIBEDU  |b BIBEDU  |i 5245028  |o Me863 FUE 2012  |p 5245028  |r 2019-11-24  |w 2019-11-24  |y BK  |z Catalogado en:20151029  |k LIT